000 00560nam a2200205Ia 4500
003 GCL
008 140319s9999 xx 000 0 ara d
040 _aGCL /
_cGCL
082 0 4 _a415.5
_bا ل
100 1 _aاحمد محمد الحوفى
245 1 0 _aلغويات جديدة /
_cاحمد محمد الحوفى
260 _a[S.N] :
_bدار المعارف ،
_c1984
300 _a148 ص
490 _a
650 0 4 _aاللغة العربية
650 0 4 _aالصرف
650 0 4 _aالمؤتمرات
650 0 4 _aمحاضرات
942 _2ddc
_cBK
999 _c30169
_d30169